[Event "WLC A groep"]
[Site "Eindhoven, Netherlands"]
[Date "2019.05.26"]
[Round "5.6"]
[White "Huesmann, Thomas"]
[Black "Cebula, Jerzy"]
[Result "1-0"]
[WhiteElo "2168"]
[BlackElo "1982"]
[PlyCount "94"]
[EventDate "2019.??.??"]

1. e4 {[%emt 0:00:01]} e5 {[%emt 0:00:08]} 2. Nf3 {[%emt 0:00:05]} Nc6 {
[%emt 0:00:06]} 3. Bc4 {[%emt 0:00:06]} Nf6 {[%emt 0:00:07]} 4. d3 {[%emt 0:00:
07]} Bc5 {[%emt 0:00:59]} 5. c3 d6 {[%emt 0:00:59]} 6. Bb3 {[%emt 0:00:31]} a6
{[%emt 0:00:33]} 7. h3 {[%emt 0:00:47]} h6 {[%emt 0:02:00]} 8. Nbd2 {[%emt 0:
00:09]} b5 {[%emt 0:00:17]} 9. Nf1 {[%emt 0:01:44]} Bb6 {[%emt 0:13:48]} 10.
Be3 {[%emt 0:04:05]} Rb8 {[%emt 0:04:02]} 11. g4 {[%emt 0:04:09]} h5 {[%emt 0:
06:33]} 12. Ng5 {[%emt 0:09:58]} d5 {[%emt 0:00:15]} 13. exd5 {[%emt 0:05:21]}
Na5 {[%emt 0:00:46]} 14. d6 {[%emt 0:05:30]} Nxb3 {[%emt 0:02:40]} 15. Qxb3 {
[%emt 0:00:07]} O-O {[%emt 0:07:27]} 16. dxc7 {[%emt 0:04:03]} Qxc7 {[%emt 0:
01:02]} 17. gxh5 {[%emt 0:03:00]} Nxh5 {[%emt 0:01:10]} 18. Ne4 {[%emt 0:00:55]
} Nf4 {[%emt 0:05:36]} 19. Qc2 {[%emt 0:10:24]} f5 {[%emt 0:06:08]} 20. Ng5 {
[%emt 0:00:39]} Qe7 {[%emt 0:03:27]} 21. Rg1 {[%emt 0:03:06]} Ne6 {[%emt 0:04:
45]} 22. h4 {[%emt 0:03:24]} f4 {[%emt 0:03:46]} 23. Bxb6 {[%emt 0:00:21]} Nxg5
{[%emt 0:00:12]} 24. hxg5 {[%emt 0:02:14]} Rxb6 {[%emt 0:00:09]} 25. Nd2 {
[%emt 0:03:00]} Bf5 {[%emt 0:03:32]} 26. O-O-O {[%emt 0:02:10]} Rd6 {[%emt 0:
02:55]} 27. Ne4 {[%emt 0:02:25]} Rg6 {[%emt 0:03:56]} 28. Qb3+ {[%emt 0:00:44]}
Be6 {[%emt 0:01:56]} 29. Qc2 {[%emt 0:03:58]} Bf5 {[%emt 0:00:07]} 30. Qe2 {
[%emt 0:00:48]} Qe6 {[%emt 0:09:54]} 31. Kb1 {[%emt 0:02:06]} Rd8 {[%emt 0:00:
20]} 32. Rde1 {[%emt 0:00:40]} Qd5 {[%emt 0:00:46]} 33. Rd1 {[%emt 0:02:00]}
Qc6 {[%emt 0:04:05]} 34. f3 {[%emt 0:02:13]} a5 {[%emt 0:01:07]} 35. Nf2 {
[%emt 0:02:46]} Re6 {[%emt 0:02:30]} 36. Ne4 {[%emt 0:01:02]} b4 {[%emt 0:00:
47]} 37. cxb4 {[%emt 0:01:49]} axb4 {[%emt 0:00:08]} 38. Qc2 {[%emt 0:00:10]}
Qb6 {[%emt 0:01:01]} 39. Qb3 {[%emt 0:01:02]} Kf8 {[%emt 0:00:10]} 40. Rh1 {
[%emt 0:00:31]} Ke7 {[%emt 0:00:04]} 41. Rc1 {[%emt 0:01:12]} Rd7 {[%emt 0:01:
22]} 42. Nc5 {[%emt 0:01:30]} Rd4 {[%emt 0:01:58]} 43. Rh8 {[%emt 0:06:15]} Rc6
{[%emt 0:04:01]} 44. Qg8 {[%emt 0:00:27]} Rxc5 {[%emt 0:01:28]} 45. Qxg7+ {
[%emt 0:00:41]} Kd6 {[%emt 0:00:11]} 46. Rh6+ {[%emt 0:01:29]} Kd5 {[%emt 0:00:
19]} 47. Rxc5+ {[%emt 0:02:22]} Kxc5 {[%emt 0:00:27]} 1-0

[Event "WLC A groep"]
[Site "Eindhoven, Netherlands"]
[Date "2019.05.26"]
[Round "5.7"]
[White "De Vries, Leon"]
[Black "Grooten, Herman"]
[Result "0-1"]
[WhiteElo "1907"]
[BlackElo "2284"]
[PlyCount "64"]
[EventDate "2019.??.??"]

1. d4 {[%emt 0:00:04]} Nf6 {[%emt 0:00:10]} 2. c4 {[%emt 0:00:09]} e6 {[%emt 0:
00:05]} 3. g3 {[%emt 0:00:11]} c5 {[%emt 0:00:20]} 4. d5 {[%emt 0:00:21]} exd5
{[%emt 0:00:06]} 5. cxd5 {[%emt 0:00:10]} d6 {[%emt 0:00:13]} 6. Nc3 {[%emt 0:
00:18]} g6 {[%emt 0:00:15]} 7. Bg2 {[%emt 0:00:16]} Bg7 {[%emt 0:00:06]} 8. Nf3
{[%emt 0:00:09]} O-O {[%emt 0:00:15]} 9. O-O {[%emt 0:00:10]} a6 {[%emt 0:00:
50]} 10. a4 {[%emt 0:00:09]} Nbd7 {[%emt 0:01:42]} 11. Bf4 {[%emt 0:01:29]} Qc7
{[%emt 0:01:20]} 12. Re1 {[%emt 0:03:24]} Re8 {[%emt 0:04:52]} 13. e4 {[%emt 0:
02:04]} Ng4 {[%emt 0:00:27]} 14. Rc1 {[%emt 0:10:07]} Nde5 {[%emt 0:03:48]} 15.
Nxe5 {[%emt 0:01:45]} Nxe5 {[%emt 0:00:23]} 16. b3 {[%emt 0:05:49]} Bg4 {
[%emt 0:05:33]} 17. f3 {[%emt 0:01:46]} Bd7 {[%emt 0:00:07]} 18. Bf1 {[%emt 0:
05:13]} Qa5 {[%emt 0:05:14]} 19. Bd2 {[%emt 0:04:18]} b5 {[%emt 0:05:21]} 20.
Kg2 {[%emt 0:09:42]} Qb6 {[%emt 0:10:28]} 21. h3 {[%emt 0:04:08]} f5 {[%emt 0:
01:24]} 22. f4 {[%emt 0:01:34]} Nf7 {[%emt 0:06:06]} 23. exf5 {[%emt 0:01:23]}
gxf5 {[%emt 0:00:26]} 24. Kh2 {[%emt 0:08:20]} Rxe1 {[%emt 0:05:53]} 25. Bxe1 {
[%emt 0:03:36]} Re8 {[%emt 0:00:25]} 26. Bf2 {[%emt 0:01:33]} Nh6 {[%emt 0:05:
43]} 27. axb5 {[%emt 0:04:17]} Qa5 {[%emt 0:08:01]} 28. Qh5 {[%emt 0:11:30]}
axb5 {[%emt 0:01:35]} 29. Qf3 {[%emt 0:10:17]} Qa3 {[%emt 0:02:52]} 30. Rb1 {
[%emt 0:01:01]} c4 {[%emt 0:00:52]} 31. bxc4 {[%emt 0:02:02]} b4 {[%emt 0:01:
53]} 32. Qh5 {[%emt 0:02:46]} Qxc3 {[%emt 0:00:30]} 0-1

[Event "WLC A groep"]
[Site "Eindhoven, Netherlands"]
[Date "2019.05.26"]
[Round "6.1"]
[White "Bok, Benjamin"]
[Black "Baselmans, Luuk"]
[Result "1-0"]
[WhiteElo "2632"]
[BlackElo "2329"]

1. Nf3 {[%clk 01:26:37]} {[%emt 00:04:22]} Nf6 {[%clk 01:30:44]} {[%emt
00:00:16]} 2. c4 {[%clk 01:26:57]} {[%emt 00:00:10]} e6 {[%clk 01:30:33]}
{[%emt 00:00:40]} 3. g3 {[%clk 01:27:18]} {[%emt 00:00:10]} b6 {[%clk
01:30:45]} {[%emt 00:00:18]} 4. Bg2 {[%clk 01:27:18]} {[%emt 00:00:30]} Bb7
{[%clk 01:31:08]} {[%emt 00:00:06]} 5. O-O {[%clk 01:27:25]} {[%emt 00:00:23]}
g6 {[%clk 01:31:03]} {[%emt 00:00:36]} 6. Nc3 {[%clk 01:21:07]} {[%emt
00:06:48]} Bg7 {[%clk 01:31:11]} {[%emt 00:00:21]} 7. d4 {[%clk 01:18:36]}
{[%emt 00:03:02]} Ne4 {[%clk 01:31:10]} {[%emt 00:00:31]} 8. Nxe4 {[%clk
01:18:35]} {[%emt 00:00:31]} Bxe4 {[%clk 01:31:33]} {[%emt 00:00:07]} 9. Bg5
{[%clk 01:18:59]} {[%emt 00:00:06]} Qc8 {[%clk 01:31:05]} {[%emt 00:00:58]} 10.
Qd2 {[%clk 01:18:30]} {[%emt 00:00:59]} O-O {[%clk 01:29:53]} {[%emt 00:01:42]}
11. Qf4 {[%clk 01:07:23]} {[%emt 00:11:37]} Qb7 {[%clk 01:27:50]} {[%emt
00:02:32]} 12. Be7 {[%clk 00:54:02]} {[%emt 00:13:52]} Re8 {[%clk 01:21:02]}
{[%emt 00:07:18]} 13. Bf6 {[%clk 00:50:43]} {[%emt 00:03:49]} Bxf6 {[%clk
01:14:03]} {[%emt 00:07:30]} 14. Qxf6 {[%clk 00:51:08]} {[%emt 00:00:05]} Rf8
{[%clk 01:14:19]} {[%emt 00:00:14]} 15. h4 {[%clk 00:47:47]} {[%emt 00:03:51]}
h5 {[%clk 01:07:29]} {[%emt 00:07:20]} 16. g4 {[%clk 00:44:04]} {[%emt
00:04:13]} d5 {[%clk 00:49:15]} {[%emt 00:18:44]} 17. Ne5 {[%clk 00:33:59]}
{[%emt 00:10:36]} hxg4 {[%clk 00:38:59]} {[%emt 00:10:45]} 18. h5 {[%clk
00:33:18]} {[%emt 00:01:11]} gxh5 {[%clk 00:39:07]} {[%emt 00:00:23]} 19. Bxe4
{[%clk 00:33:19]} {[%emt 00:00:28]} dxe4 {[%clk 00:39:22]} {[%emt 00:00:13]} 20.
Qg5+ {[%clk 00:33:29]} {[%emt 00:00:21]} Kh7 {[%clk 00:39:23]} {[%emt
00:00:29]} 21. Qxh5+ {[%clk 00:33:55]} {[%emt 00:00:05]} Kg7 {[%clk 00:39:45]}
{[%emt 00:00:08]} 22. Qg5+ {[%clk 00:34:22]} {[%emt 00:00:03]} 1-0

[Event "WLC A groep"]
[Site "Eindhoven, Netherlands"]
[Date "2019.05.26"]
[Round "6.2"]
[White "Beerdsen, Thomas"]
[Black "Van Dael, Siem"]
[Result "1/2-1/2"]
[WhiteElo "2483"]
[BlackElo "2218"]

1. e4 {[%clk 01:28:25]} {[%emt 00:02:34]} c5 {[%clk 01:28:39]} {[%emt
00:02:22]} 2. Nf3 {[%clk 01:27:03]} {[%emt 00:01:51]} d6 {[%clk 01:28:15]}
{[%emt 00:00:54]} 3. Nc3 {[%clk 01:25:29]} {[%emt 00:02:04]} Nc6 {[%clk
01:27:24]} {[%emt 00:01:22]} 4. Bb5 {[%clk 01:24:09]} {[%emt 00:01:49]} e5
{[%clk 01:26:29]} {[%emt 00:01:26]} 5. O-O {[%clk 01:23:02]} {[%emt 00:01:36]}
Nf6 {[%clk 01:25:44]} {[%emt 00:01:15]} 6. d3 {[%clk 01:22:10]} {[%emt
00:01:22]} h6 {[%clk 01:25:29]} {[%emt 00:00:45]} 7. Nd2 {[%clk 01:20:22]}
{[%emt 00:02:17]} Bd7 {[%clk 01:15:51]} {[%emt 00:10:09]} 8. Nc4 {[%clk
01:17:54]} {[%emt 00:02:58]} a6 {[%clk 01:09:03]} {[%emt 00:07:18]} 9. Bxc6
{[%clk 01:18:18]} {[%emt 00:00:05]} Bxc6 {[%clk 01:09:30]} {[%emt 00:00:04]} 10.
f4 {[%clk 01:17:26]} {[%emt 00:01:21]} b5 {[%clk 01:08:56]} {[%emt 00:01:05]}
11. Ne3 {[%clk 01:11:24]} {[%emt 00:06:31]} exf4 {[%clk 01:03:07]} {[%emt
00:06:20]} 12. Rxf4 {[%clk 01:11:26]} {[%emt 00:00:27]} g6 {[%clk 01:02:43]}
{[%emt 00:00:55]} 13. Qf3 {[%clk 01:06:53]} {[%emt 00:05:03]} Bg7 {[%clk
01:02:44]} {[%emt 00:00:29]} 14. Qf2 {[%clk 01:00:33]} {[%emt 00:06:50]} O-O
{[%clk 01:01:47]} {[%emt 00:01:28]} 15. Bd2 {[%clk 00:57:41]} {[%emt 00:03:22]}
b4 {[%clk 00:33:52]} {[%emt 00:28:24]} 16. Ne2 {[%clk 00:57:19]} {[%emt
00:00:51]} Nd7 {[%clk 00:32:15]} {[%emt 00:02:08]} 17. Rf1 {[%clk 00:54:18]}
{[%emt 00:03:31]} Ne5 {[%clk 00:32:02]} {[%emt 00:00:43]} 18. Ng3 {[%clk
00:44:20]} {[%emt 00:10:26]} d5 {[%clk 00:27:47]} {[%emt 00:04:47]} 19. b3
{[%clk 00:37:17]} {[%emt 00:07:32]} dxe4 {[%clk 00:20:08]} {[%emt 00:08:10]} 20.
Nxe4 {[%clk 00:35:52]} {[%emt 00:01:55]} Bxe4 {[%clk 00:20:29]} {[%emt
00:00:09]} 21. Rxe4 {[%clk 00:35:59]} {[%emt 00:00:23]} Nc6 {[%clk 00:19:01]}
{[%emt 00:01:58]} 22. h4 {[%clk 00:28:19]} {[%emt 00:08:10]} Nd4 {[%clk
00:17:38]} {[%emt 00:01:54]} 23. Rg4 {[%clk 00:26:55]} {[%emt 00:01:52]} h5
{[%clk 00:16:29]} {[%emt 00:01:40]} 24. Rg5 {[%clk 00:23:46]} {[%emt 00:03:39]}
Ne6 {[%clk 00:16:54]} {[%emt 00:00:06]} 25. Rd5 {[%clk 00:23:00]} {[%emt
00:01:15]} Qc7 {[%clk 00:17:19]} {[%emt 00:00:05]} 26. g4 {[%clk 00:17:41]}
{[%emt 00:05:49]} hxg4 {[%clk 00:17:25]} {[%emt 00:00:25]} 27. Nxg4 {[%clk
00:16:34]} {[%emt 00:01:36]} Rad8 {[%clk 00:17:01]} {[%emt 00:00:54]} 28. Rxd8
{[%clk 00:16:16]} {[%emt 00:00:47]} Rxd8 {[%clk 00:17:26]} {[%emt 00:00:06]} 29.
Qg2 {[%clk 00:15:41]} {[%emt 00:01:05]} Rd4 {[%clk 00:16:05]} {[%emt 00:01:52]}
30. h5 {[%clk 00:13:20]} {[%emt 00:02:50]} Nf4 {[%clk 00:14:38]} {[%emt
00:01:58]} 31. Qa8+ {[%clk 00:11:51]} {[%emt 00:01:59]} Kh7 {[%clk 00:14:56]}
{[%emt 00:00:12]} 32. hxg6+ {[%clk 00:11:58]} {[%emt 00:00:23]} fxg6 {[%clk
00:14:33]} {[%emt 00:00:53]} 33. Bxf4 {[%clk 00:10:10]} {[%emt 00:02:18]} Rxf4
{[%clk 00:14:56]} {[%emt 00:00:07]} 34. Qh1+ {[%clk 00:10:27]} {[%emt
00:00:12]} Kg8 {[%clk 00:15:18]} {[%emt 00:00:09]} 35. Qa8+ {[%clk 00:10:02]}
{[%emt 00:00:56]} Kh7 {[%clk 00:15:43]} {[%emt 00:00:05]} 36. Qh1+ {[%clk
00:10:20]} {[%emt 00:00:12]} Kg8 {[%clk 00:16:08]} {[%emt 00:00:05]} 37. Qa8+
{[%clk 00:10:32]} {[%emt 00:00:17]} 1/2-1/2

[Event "WLC A groep"]
[Site "Eindhoven, Netherlands"]
[Date "2019.05.26"]
[Round "6.3"]
[White "Grooten, Herman"]
[Black "Van Foreest, Lucas"]
[Result "0-1"]
[WhiteElo "2284"]
[BlackElo "2529"]

1. d4 {[%clk 01:30:57]} {[%emt 00:00:02]} Nf6 {[%clk 01:28:11]} {[%emt
00:02:50]} 2. c4 {[%clk 01:31:17]} {[%emt 00:00:10]} e6 {[%clk 01:28:31]}
{[%emt 00:00:11]} 3. Nf3 {[%clk 01:31:30]} {[%emt 00:00:16]} d5 {[%clk
01:28:59]} {[%emt 00:00:03]} 4. Nc3 {[%clk 01:31:51]} {[%emt 00:00:08]} dxc4
{[%clk 01:29:26]} {[%emt 00:00:03]} 5. e3 {[%clk 01:31:55]} {[%emt 00:00:25]}
a6 {[%clk 01:29:52]} {[%emt 00:00:05]} 6. Bxc4 {[%clk 01:31:21]} {[%emt
00:01:04]} b5 {[%clk 01:30:20]} {[%emt 00:00:02]} 7. Bd3 {[%clk 01:31:34]}
{[%emt 00:00:16]} Bb7 {[%clk 01:30:46]} {[%emt 00:00:04]} 8. e4 {[%clk
01:26:09]} {[%emt 00:05:54]} Nbd7 {[%clk 01:20:20]} {[%emt 00:10:56]} 9. e5
{[%clk 01:23:49]} {[%emt 00:02:51]} Nd5 {[%clk 01:19:18]} {[%emt 00:01:32]} 10.
Ne4 {[%clk 01:14:58]} {[%emt 00:09:20]} c5 {[%clk 01:08:45]} {[%emt 00:11:04]}
11. Neg5 {[%clk 01:05:45]} {[%emt 00:09:43]} h6 {[%clk 01:02:44]} {[%emt
00:06:31]} 12. Nxe6 {[%clk 01:01:42]} {[%emt 00:04:33]} fxe6 {[%clk 01:01:43]}
{[%emt 00:01:31]} 13. Bg6+ {[%clk 01:02:06]} {[%emt 00:00:07]} Ke7 {[%clk
01:02:11]} {[%emt 00:00:02]} 14. O-O {[%clk 00:57:54]} {[%emt 00:04:41]} Qc7
{[%clk 00:59:55]} {[%emt 00:02:46]} 15. Re1 {[%clk 00:54:43]} {[%emt 00:03:41]}
Kd8 {[%clk 00:58:48]} {[%emt 00:01:37]} 16. Bd2 {[%clk 00:50:19]} {[%emt
00:04:55]} c4 {[%clk 00:51:20]} {[%emt 00:07:58]} 17. Bf7 {[%clk 00:48:59]}
{[%emt 00:01:49]} Nc5 {[%clk 00:26:46]} {[%emt 00:25:04]} 18. Ba5 {[%clk
00:46:29]} {[%emt 00:03:01]} Qxa5 {[%clk 00:27:14]} {[%emt 00:00:02]} 19. dxc5
{[%clk 00:46:50]} {[%emt 00:00:09]} Bxc5 {[%clk 00:26:47]} {[%emt 00:00:57]} 20.
Bxe6 {[%clk 00:41:38]} {[%emt 00:05:42]} Kc7 {[%clk 00:24:17]} {[%emt
00:03:00]} 21. Re2 {[%clk 00:40:07]} {[%emt 00:02:00]} Rad8 {[%clk 00:21:52]}
{[%emt 00:02:55]} 22. Rd2 {[%clk 00:39:30]} {[%emt 00:01:07]} Nf4 {[%clk
00:22:09]} {[%emt 00:00:13]} 23. Rd7+ {[%clk 00:38:55]} {[%emt 00:01:05]} Kb8
{[%clk 00:22:21]} {[%emt 00:00:18]} 0-1

[Event "WLC A groep"]
[Site "Eindhoven, Netherlands"]
[Date "2019.05.26"]
[Round "6.4"]
[White "Swinkels, Robin"]
[Black "De Jongh, Saul"]
[Result "1-0"]
[WhiteElo "2492"]
[BlackElo "1736"]

1. d4 {[%clk 01:30:58]} {[%emt 00:00:01]} e6 {[%clk 01:30:38]} {[%emt
00:00:23]} 2. c4 {[%clk 01:30:44]} {[%emt 00:00:43]} f5 {[%clk 01:31:03]}
{[%emt 00:00:05]} 3. g3 {[%clk 01:30:57]} {[%emt 00:00:16]} Nf6 {[%clk
01:31:24]} {[%emt 00:00:09]} 4. Bg2 {[%clk 01:31:24]} {[%emt 00:00:03]} Be7
{[%clk 01:31:46]} {[%emt 00:00:09]} 5. Nf3 {[%clk 01:31:37]} {[%emt 00:00:17]}
O-O {[%clk 01:32:01]} {[%emt 00:00:14]} 6. O-O {[%clk 01:32:02]} {[%emt
00:00:05]} d6 {[%clk 01:32:09]} {[%emt 00:00:22]} 7. Nc3 {[%clk 01:31:56]}
{[%emt 00:00:36]} Qe8 {[%clk 01:32:09]} {[%emt 00:00:30]} 8. b3 {[%clk
01:31:18]} {[%emt 00:01:08]} a5 {[%clk 01:32:25]} {[%emt 00:00:14]} 9. Bb2
{[%clk 01:31:01]} {[%emt 00:00:47]} Na6 {[%clk 01:31:31]} {[%emt 00:01:24]} 10.
Re1 {[%clk 01:12:41]} {[%emt 00:18:50]} c6 {[%clk 01:31:01]} {[%emt 00:01:00]}
11. e4 {[%clk 01:12:07]} {[%emt 00:01:04]} fxe4 {[%clk 01:31:21]} {[%emt
00:00:10]} 12. Nxe4 {[%clk 01:12:34]} {[%emt 00:00:03]} Nxe4 {[%clk 01:31:37]}
{[%emt 00:00:14]} 13. Rxe4 {[%clk 01:13:01]} {[%emt 00:00:03]} Nc7 {[%clk
01:31:57]} {[%emt 00:00:09]} 14. a4 {[%clk 01:01:44]} {[%emt 00:11:48]} Qh5
{[%clk 01:18:01]} {[%emt 00:14:26]} 15. Re3 {[%clk 01:00:47]} {[%emt 00:01:27]}
Bd7 {[%clk 01:10:57]} {[%emt 00:07:33]} 16. Ne1 {[%clk 00:57:01]} {[%emt
00:04:16]} Qxd1 {[%clk 01:07:50]} {[%emt 00:03:37]} 17. Rxd1 {[%clk 00:57:29]}
{[%emt 00:00:03]} Rae8 {[%clk 00:56:21]} {[%emt 00:11:58]} 18. Bc3 {[%clk
00:56:08]} {[%emt 00:01:52]} b6 {[%clk 00:53:57]} {[%emt 00:02:54]} 19. Nd3
{[%clk 00:54:01]} {[%emt 00:02:36]} Bf6 {[%clk 00:48:06]} {[%emt 00:06:22]} 20.
Bb2 {[%clk 00:48:57]} {[%emt 00:05:34]} Rf7 {[%clk 00:46:49]} {[%emt 00:01:46]}
21. h4 {[%clk 00:45:22]} {[%emt 00:04:06]} Rd8 {[%clk 00:35:11]} {[%emt
00:12:08]} 22. Re2 {[%clk 00:43:52]} {[%emt 00:02:01]} Re8 {[%clk 00:30:08]}
{[%emt 00:05:33]} 23. Kh2 {[%clk 00:39:36]} {[%emt 00:04:46]} Rd8 {[%clk
00:27:40]} {[%emt 00:02:57]} 24. f4 {[%clk 00:37:24]} {[%emt 00:02:42]} g6
{[%clk 00:25:43]} {[%emt 00:02:27]} 25. Nf2 {[%clk 00:37:16]} {[%emt 00:00:38]}
Bg7 {[%clk 00:23:40]} {[%emt 00:02:32]} 26. Ne4 {[%clk 00:35:38]} {[%emt
00:02:08]} d5 {[%clk 00:17:37]} {[%emt 00:06:34]} 27. Ng5 {[%clk 00:35:37]}
{[%emt 00:00:31]} Rf6 {[%clk 00:17:47]} {[%emt 00:00:20]} 28. Ba3 {[%clk
00:34:43]} {[%emt 00:01:24]} Bf8 {[%clk 00:17:19]} {[%emt 00:00:58]} 29. Bxf8
{[%clk 00:35:08]} {[%emt 00:00:05]} Rdxf8 {[%clk 00:17:36]} {[%emt 00:00:12]}
30. Nf3 {[%clk 00:32:25]} {[%emt 00:03:13]} Rb8 {[%clk 00:16:48]} {[%emt
00:01:18]} 31. Ne5 {[%clk 00:32:27]} {[%emt 00:00:29]} Be8 {[%clk 00:17:06]}
{[%emt 00:00:11]} 32. Rc1 {[%clk 00:31:11]} {[%emt 00:01:47]} Rb7 {[%clk
00:14:32]} {[%emt 00:03:04]} 33. Ng4 {[%clk 00:29:05]} {[%emt 00:02:36]} Rf8
{[%clk 00:14:23]} {[%emt 00:00:38]} 34. cxd5 {[%clk 00:29:00]} {[%emt
00:00:35]} cxd5 {[%clk 00:13:06]} {[%emt 00:01:47]} 35. Rec2 {[%clk 00:25:35]}
{[%emt 00:03:55]} Na6 {[%clk 00:13:19]} {[%emt 00:00:16]} 36. Ne5 {[%clk
00:26:01]} {[%emt 00:00:04]} b5 {[%clk 00:11:47]} {[%emt 00:02:01]} 37. axb5
{[%clk 00:26:11]} {[%emt 00:00:22]} Rxb5 {[%clk 00:11:11]} {[%emt 00:01:06]} 38.
Bf1 {[%clk 00:26:05]} {[%emt 00:00:37]} Rb6 {[%clk 00:10:03]} {[%emt 00:01:38]}
39. Bxa6 {[%clk 00:26:27]} {[%emt 00:00:08]} Rxa6 {[%clk 00:10:25]} {[%emt
00:00:08]} 40. Rc7 {[%clk 00:26:55]} {[%emt 00:00:02]} Rb6 {[%clk 00:03:51]}
{[%emt 00:07:04]} 41. Ra7 {[%clk 00:26:53]} {[%emt 00:00:32]} Rf6 {[%clk
00:04:16]} {[%emt 00:00:05]} 42. Rc8 {[%clk 00:26:59]} {[%emt 00:00:24]} 1-0

[Event "WLC A groep"]
[Site "Eindhoven, Netherlands"]
[Date "2019.05.26"]
[Round "6.5"]
[White "Baselmans, Sam"]
[Black "Huesmann, Thomas"]
[Result "0-1"]
[WhiteElo "2031"]
[BlackElo "2168"]

1. e4 {[%clk 01:30:57]} {[%emt 00:00:02]} e5 {[%clk 01:30:55]} {[%emt
00:00:05]} 2. Nf3 {[%clk 01:31:23]} {[%emt 00:00:04]} Nc6 {[%clk 01:31:20]}
{[%emt 00:00:05]} 3. Bc4 {[%clk 01:31:48]} {[%emt 00:00:05]} Nf6 {[%clk
01:31:43]} {[%emt 00:00:07]} 4. d3 {[%clk 01:32:14]} {[%emt 00:00:04]} Bc5
{[%clk 01:31:44]} {[%emt 00:00:30]} 5. c3 {[%clk 01:32:38]} {[%emt 00:00:06]}
a6 {[%clk 01:31:08]} {[%emt 00:01:06]} 6. Bb3 {[%clk 01:32:57]} {[%emt
00:00:11]} d6 {[%clk 01:30:45]} {[%emt 00:00:53]} 7. Nbd2 {[%clk 01:32:53]}
{[%emt 00:00:33]} O-O {[%clk 01:29:39]} {[%emt 00:01:36]} 8. h3 {[%clk
01:33:18]} {[%emt 00:00:05]} Be6 {[%clk 01:29:10]} {[%emt 00:01:00]} 9. Nf1
{[%clk 01:31:56]} {[%emt 00:01:52]} Bxb3 {[%clk 01:26:19]} {[%emt 00:03:21]} 10.
axb3 {[%clk 01:32:14]} {[%emt 00:00:12]} d5 {[%clk 01:26:26]} {[%emt 00:00:23]}
11. Qe2 {[%clk 01:32:29]} {[%emt 00:00:14]} dxe4 {[%clk 01:22:14]} {[%emt
00:04:42]} 12. dxe4 {[%clk 01:32:54]} {[%emt 00:00:05]} Qd6 {[%clk 01:18:13]}
{[%emt 00:04:32]} 13. Ng3 {[%clk 01:31:55]} {[%emt 00:01:28]} Rad8 {[%clk
01:16:50]} {[%emt 00:01:53]} 14. Bg5 {[%clk 01:31:04]} {[%emt 00:01:21]} Ne7
{[%clk 01:11:45]} {[%emt 00:05:35]} 15. b4 {[%clk 01:26:52]} {[%emt 00:04:42]}
Bb6 {[%clk 01:11:00]} {[%emt 00:01:16]} 16. Nh4 {[%clk 01:26:41]} {[%emt
00:00:41]} g6 {[%clk 01:07:13]} {[%emt 00:04:17]} 17. Qf3 {[%clk 01:24:35]}
{[%emt 00:02:36]} Kg7 {[%clk 01:07:21]} {[%emt 00:00:23]} 18. O-O {[%clk
01:23:54]} {[%emt 00:01:11]} h6 {[%clk 01:06:58]} {[%emt 00:00:54]} 19. Rad1
{[%clk 01:04:48]} {[%emt 00:19:36]} hxg5 {[%clk 01:02:21]} {[%emt 00:05:06]} 20.
Rxd6 {[%clk 01:05:11]} {[%emt 00:00:07]} Rxd6 {[%clk 01:02:46]} {[%emt
00:00:06]} 21. Nhf5+ {[%clk 01:05:13]} {[%emt 00:00:27]} gxf5 {[%clk 01:03:07]}
{[%emt 00:00:09]} 22. Nxf5+ {[%clk 01:03:42]} {[%emt 00:02:01]} Nxf5 {[%clk
01:03:30]} {[%emt 00:00:07]} 23. Qxf5 {[%clk 01:04:08]} {[%emt 00:00:04]} Nh7
{[%clk 00:56:48]} {[%emt 00:07:12]} 24. Qxe5+ {[%clk 01:04:28]} {[%emt
00:00:11]} f6 {[%clk 00:56:08]} {[%emt 00:01:11]} 25. Qg3 {[%clk 01:04:52]}
{[%emt 00:00:05]} Re8 {[%clk 00:55:15]} {[%emt 00:01:23]} 26. Qg4 {[%clk
00:59:15]} {[%emt 00:06:07]} Nf8 {[%clk 00:53:21]} {[%emt 00:02:24]} 27. h4
{[%clk 00:58:00]} {[%emt 00:01:45]} Ng6 {[%clk 00:48:26]} {[%emt 00:05:24]} 28.
hxg5 {[%clk 00:55:51]} {[%emt 00:02:40]} fxg5 {[%clk 00:48:32]} {[%emt
00:00:24]} 29. g3 {[%clk 00:55:51]} {[%emt 00:00:30]} Ne5 {[%clk 00:40:51]}
{[%emt 00:08:11]} 30. Qxg5+ {[%clk 00:32:34]} {[%emt 00:23:47]} Rg6 {[%clk
00:40:58]} {[%emt 00:00:22]} 31. Qf4 {[%clk 00:31:45]} {[%emt 00:01:19]} Rg4
{[%clk 00:39:24]} {[%emt 00:02:04]} 32. Rd1 {[%clk 00:31:07]} {[%emt 00:01:08]}
Rxf4 {[%clk 00:39:16]} {[%emt 00:00:38]} 33. gxf4 {[%clk 00:31:32]} {[%emt
00:00:05]} Ng4 {[%clk 00:38:41]} {[%emt 00:01:05]} 34. Rd7+ {[%clk 00:31:51]}
{[%emt 00:00:11]} Kg8 {[%clk 00:35:46]} {[%emt 00:03:25]} 35. c4 {[%clk
00:32:06]} {[%emt 00:00:15]} Nf6 {[%clk 00:36:10]} {[%emt 00:00:06]} 36. Rd3
{[%clk 00:31:29]} {[%emt 00:01:07]} Rxe4 {[%clk 00:36:17]} {[%emt 00:00:22]} 37.
c5 {[%clk 00:31:53]} {[%emt 00:00:06]} Ba7 {[%clk 00:36:12]} {[%emt 00:00:36]}
38. Rd8+ {[%clk 00:32:04]} {[%emt 00:00:19]} Re8 {[%clk 00:36:33]} {[%emt
00:00:10]} 39. Rd3 {[%clk 00:32:16]} {[%emt 00:00:17]} c6 {[%clk 00:36:00]}
{[%emt 00:01:03]} 40. Kg2 {[%clk 00:32:16]} {[%emt 00:00:31]} Nd5 {[%clk
00:36:18]} {[%emt 00:00:12]} 41. Rg3+ {[%clk 00:32:12]} {[%emt 00:00:33]} Kf7
{[%clk 00:36:31]} {[%emt 00:00:17]} 42. Kf3 {[%clk 00:32:31]} {[%emt 00:00:11]}
Nxb4 {[%clk 00:33:51]} {[%emt 00:03:11]} 43. Rh3 {[%clk 00:32:52]} {[%emt
00:00:08]} Kg7 {[%clk 00:33:51]} {[%emt 00:00:30]} 44. Rg3+ {[%clk 00:33:04]}
{[%emt 00:00:18]} Kf6 {[%clk 00:34:15]} {[%emt 00:00:06]} 45. Rh3 {[%clk
00:33:26]} {[%emt 00:00:07]} Bxc5 {[%clk 00:34:31]} {[%emt 00:00:15]} 46. Rh6+
{[%clk 00:33:35]} {[%emt 00:00:21]} Kg7 {[%clk 00:34:47]} {[%emt 00:00:14]} 47.
Rh1 {[%emt 00:00:12]} 0-1